000 01179nam a2200277Ia 4500
003 OSt
005 20221005104120.0
006 a|||||r|||| 00| 0
007 ta
008 221004b |||||||| |||| 00| 0 urd d
020 _a8188891657 (pbk)
_cINR 140.00
024 _a36446
037 _b5140, 31/01/2018, Kitabi Duniya
_cTextual
040 _aCRL
_cCRL
_burd
041 _2urd
_aurd
082 _aO168,2M76x, 152Q7
100 _aसिद्दीक़ी, सालेहा, ले.
245 0 _aनाटक अल्लामा
_b अल्लामा इक़बाल के जीवन पर आधारित ड्रामा
246 _aNāṭak allāmā: allāmā iक़bāl ke jīvan par ādhārit ḍrāmā
260 _aदिल्ली
_bदारूल ईशाअत-ए-मुस्तफाई भारत
_c2017
300 _a112पृ0
_ccm.
650 _a उर्दू नाटक
650 _aउर्दू साहित्य
942 _hO168,2M76x, 152Q7
_cTEXL
_2cc
999 _c1011753
_d1011753